[Event "54th Groningen Open 2016"]
[Site "Groningen NED"]
[Date "2016.12.21"]
[Round "1.1"]
[White "Krasenkow, Michal"]
[Black "Maatman, Nick"]
[Result "0-1"]
[WhiteTitle "GM"]
[BlackTitle "FM"]
[WhiteElo "2626"]
[BlackElo "2319"]
[WhiteFideId "1113100"]
[BlackFideId "1040391"]
[EventDate "2016.12.21"]

1. Nf3 Nf6 2. c4 e6 3. Nc3 d5 4. d4 Be7 5. Qc2 O-O 6. cxd5 exd5 7. Bg5 c6 8. e3
Nbd7 9. Bd3 Re8 10. O-O Nf8 11. h3 Ng6 12. Ne5 Nd7 13. Bxe7 Qxe7 14. f4 Ndxe5
15. fxe5 Qg5 16. e4 Bxh3 17. exd5 Bxg2 18. Qxg2 Qe3+ 19. Qf2 Qxd3 20. Kh2 c5 21.
Rad1 Qa6 22. Qxf7+ Kh8 23. dxc5 Rf8 24. Qe6 Qc4 25. Qh3 Nxe5 26. Rde1 Ng4+ 27.
Kg3 Nf6 28. d6 Qxc5 29. Qe6 Rad8 30. Rd1 Qg5+ 31. Kh3 Rfe8 0-1

[Event "54th Groningen Open 2016"]
[Site "Groningen NED"]
[Date "2016.12.21"]
[Round "1.2"]
[White "Xiang, Zeyu"]
[Black "Tiviakov, Sergei"]
[Result "1/2-1/2"]
[BlackTitle "GM"]
[WhiteElo "2310"]
[BlackElo "2609"]
[WhiteFideId "8608547"]
[BlackFideId "1008013"]
[EventDate "2016.12.21"]

1. d4 Nf6 2. c4 e6 3. Nf3 b6 4. g3 Bb7 5. Bg2 c6 6. O-O Be7 7. b3 O-O 8. Bb2 d5
9. Nbd2 Na6 10. Ne5 c5 11. dxc5 Nxc5 12. Qc2 Rc8 13. Rfd1 Qe8 14. Rac1 b5 15.
cxd5 Nxd5 16. Qb1 a6 17. Ne4 f6 18. Nxc5 Bxc5 19. Nd3 Be7 20. Bd4 b4 21. Rxc8
Qxc8 22. Rc1 Qd7 23. Rc4 e5 24. Bc5 a5 25. Bxe7 Qxe7 26. Qc2 Rd8 27. Nc5 Bc8 28.
Na4 Ba6 29. Rc5 Nc3 30. h4 Nxe2+ 31. Kh2 Bd3 32. Qd2 e4 33. Rxa5 f5 34. Qe3 f4
35. Qb6 Rf8 36. Nb2 h6 37. Qg6 fxg3+ 38. fxg3 Nf4 39. gxf4 Qxh4+ 40. Kg1 Qe1+
41. Kh2 Qh4+ 42. Kg1 1/2-1/2

[Event "54th Groningen Open 2016"]
[Site "Groningen NED"]
[Date "2016.12.21"]
[Round "1.3"]
[White "Werle, Jan"]
[Black "Wacker, Peter"]
[Result "1/2-1/2"]
[WhiteTitle "GM"]
[BlackTitle "FM"]
[WhiteElo "2560"]
[BlackElo "2306"]
[WhiteFideId "1006088"]
[BlackFideId "4615751"]
[EventDate "2016.12.21"]

1. d4 d5 2. c4 e6 3. Nc3 Nf6 4. Bg5 Be7 5. e3 h6 6. Bh4 O-O 7. Nf3 b6 8. Bd3 Bb7
9. O-O Nbd7 10. Qe2 Ne4 11. Bg3 Nxg3 12. hxg3 dxc4 13. Bxc4 c5 14. Rfd1 Bxf3 15.
gxf3 cxd4 16. exd4 Nf6 17. d5 exd5 18. Nxd5 Bd6 19. Ne3 Qc7 20. Rac1 Bc5 21. b4
Bxe3 22. Qxe3 Rad8 23. Rxd8 Rxd8 24. Bb3 Qd6 25. b5 Re8 26. Qc3 Rd8 27. Qc4 Qe7
28. Qf4 Ne8 29. Kg2 Kf8 30. Rc6 Nd6 31. a4 Ne8 32. Re6 Qd7 33. Qb4+ Nd6 34. Re4
Qc7 35. Rd4 Qe7 36. Qc3 Rc8 37. Qd3 Rd8 38. Qh7 Qe5 39. Rd3 Qf6 40. Re3 g5 41.
Rd3 Qg7 42. Qxg7+ Kxg7 43. Rc3 Rd7 44. Bc2 Kf6 45. Kh3 Ne8 46. Rc6+ Kg7 47. Be4
Nf6 48. Bf5 Re7 49. Kg2 Re5 50. Bc2 Re7 51. Kf1 Ne8 52. Rc8 Nf6 53. Bb3 Kg6 54.
Rc4 Kg7 55. Kg2 Rd7 56. Bc2 Re7 57. f4 Rd7 58. fxg5 hxg5 59. Kf3 Re7 60. Bb3 Kg6
61. Bc2+ Kg7 62. Bf5 Re5 63. Bd3 Re7 64. Rd4 Kf8 65. Bf5 Re5 66. Bc8 Re7 67. Rc4
Kg7 68. Bh3 Kf8 69. Bf1 Kg7 70. a5 bxa5 71. Ra4 Nd7 72. Rxa5 Ne5+ 73. Kg2 f6 74.
Be2 Rd7 75. Kf1 Re7 76. Ra3 f5 77. Ra4 Kf6 78. Rd4 Rd7 79. Ra4 Re7 80. Ra6+ Kg7
81. Rd6 Nf7 82. Rd5 Kf6 83. Bc4 Ne5 84. Rd6+ Kg7 85. Be6 Nf7 86. Ra6 Kf6 87.
Bc4+ Ke5 88. Bd3 Nd6 89. Rc6 Kd5 1/2-1/2

[Event "54th Groningen Open 2016"]
[Site "Groningen NED"]
[Date "2016.12.21"]
[Round "1.4"]
[White "Gomes, Mary Ann"]
[Black "Ernst, Sipke"]
[Result "1/2-1/2"]
[WhiteTitle "WGM"]
[BlackTitle "GM"]
[WhiteElo "2302"]
[BlackElo "2554"]
[WhiteFideId "5013623"]
[BlackFideId "1004689"]
[EventDate "2016.12.21"]

1. Nf3 e6 2. c4 d5 3. g3 Nf6 4. Bg2 Be7 5. O-O O-O 6. b3 c5 7. Bb2 Nc6 8. e3 b6
9. d3 Ba6 10. Na3 Rc8 11. Qe2 Qc7 12. Rac1 Rfd8 13. Rfd1 Qb8 14. Nb5 h6 15. Ba1
Bb7 16. Na3 Qa8 17. Ne5 Nxe5 18. Bxe5 dxc4 19. Bxb7 Qxb7 20. bxc4 Nh7 21. f4 Bf6
22. Qg2 Qe7 23. Bxf6 Nxf6 24. Nb5 Rd7 25. e4 Ne8 26. e5 f6 27. Qe2 Rcd8 28. Rd2
f5 29. Rcd1 g5 30. Qe3 Kh7 31. fxg5 hxg5 32. h4 a6 33. Nc3 Rd4 34. hxg5 Rg4 35.
Rh2+ Kg8 36. Kf2 Ng7 37. Rdh1 Kf7 38. Ne2 Qxg5 39. Qxg5 Rxg5 40. Nf4 b5 41. Rh8
Rxh8 42. Rxh8 bxc4 43. dxc4 Ne8 44. Rh7+ Ng7 45. Rh1 Ke7 46. Rb1 Nh5 47. Rb7+
Ke8 48. Nxe6 Rg4 49. Nc7+ Kf8 50. Rb8+ Kf7 51. e6+ Ke7 52. Rb6 Nf6 53. Nd5+ Nxd5
54. cxd5 Rd4 55. Rb7+ Ke8 56. Rd7 Rd3 57. Ke2 c4 58. d6 Rd4 59. Re7+ Kd8 60.
Rd7+ Ke8 61. Kf3 c3 62. Re7+ Kd8 63. Rd7+ Ke8 64. Rc7 Rxd6 65. Rxc3 Ke7 66. Kf4
Kxe6 67. Kg5 Rd4 68. Rc6+ Kd7 69. Rxa6 Rg4+ 70. Kxf5 1/2-1/2

[Event "54th Groningen Open 2016"]
[Site "Groningen NED"]
[Date "2016.12.21"]
[Round "1.5"]
[White "Gao, Rui"]
[Black "Brink, Barry"]
[Result "1-0"]
[WhiteTitle "GM"]
[BlackTitle "FM"]
[WhiteElo "2551"]
[BlackElo "2299"]
[WhiteFideId "8602387"]
[BlackFideId "1009451"]
[EventDate "2016.12.21"]

1. e4 c5 2. Nf3 e6 3. d4 cxd4 4. Nxd4 Nc6 5. Nc3 Qc7 6. Be3 Nf6 7. f4 Bb4 8. Nb5
Qa5 9. e5 Ne4 10. Qd3 Nxc3 11. bxc3 Be7 12. Be2 O-O 13. O-O f6 14. exf6 Bxf6 15.
Bc5 Rd8 16. Qe3 b6 17. Bd6 a6 18. Nd4 Qxc3 19. Qxc3 Bxd4+ 20. Qxd4 Nxd4 21. Bd3
Bb7 22. Be5 Nf5 23. Bc7 Rdc8 24. Bxb6 Bd5 25. Rfd1 Nd6 26. a4 Rc6 27. Bd4 Bc4
28. Be5 Nf7 29. Bxc4 Rxc4 30. Rxd7 Nxe5 31. fxe5 Rxc2 32. Rb1 Rf8 33. h3 Rcf2
34. Rb6 Rf1+ 35. Kh2 R1f7 36. Rdd6 Re7 37. Rxe6 Rxe6 38. Rxe6 Ra8 39. Kg3 a5 40.
Rc6 Kf7 41. Kf3 Rb8 42. Ra6 Rb3+ 43. Kf2 Rb2+ 44. Kg3 Rb3+ 45. Kh2 Ra3 46. Rxa5
Ke6 47. h4 g6 48. g3 Kf5 49. Kh3 Ra2 50. Ra7 Kxe5 51. Kg4 Kf6 52. Kf4 Ra3 53.
Ra6+ Kg7 54. Ra7+ Kf6 55. g4 g5+ 56. hxg5+ Kg6 57. Ra6+ Kg7 58. a5 Ra1 59. Ra8
Rf1+ 60. Ke4 Rg1 61. a6 Rxg4+ 62. Kf5 Ra4 63. Ra7+ Kg8 64. Kf6 Rf4+ 65. Ke5 Rg4
66. Rb7 Ra4 67. Ra7 1-0

[Event "54th Groningen Open 2016"]
[Site "Groningen NED"]
[Date "2016.12.21"]
[Round "1.6"]
[White "Schippers, Maurice"]
[Black "Bai, Jinshi"]
[Result "1/2-1/2"]
[BlackTitle "GM"]
[WhiteElo "2288"]
[BlackElo "2544"]
[WhiteFideId "1004735"]
[BlackFideId "8602280"]
[EventDate "2016.12.21"]

1. e4 c5 2. Nf3 e6 3. d4 cxd4 4. Nxd4 Nc6 5. Nc3 Qc7 6. Be3 a6 7. Qd2 Nf6 8. f4
Bb4 9. Bd3 b5 10. a3 Be7 11. h3 Bb7 12. e5 Nxd4 13. Bxd4 Nd5 14. Ne4 O-O 15. O-O
f5 16. Ng3 h6 17. Qe2 Bc5 18. Qf2 Bxd4 19. Qxd4 Rfc8 20. Ne2 Qc5 21. Qxc5 Rxc5
22. Kf2 g5 23. g3 Kf7 24. Rg1 Rg8 25. h4 Rcc8 26. hxg5 hxg5 27. g4 fxg4 28. Rxg4
gxf4 29. Rag1 Rxg4 30. Rxg4 Rh8 31. Nxf4 Nxf4 32. Rxf4+ Ke7 33. Ke3 Kd8 34. Kd4
Kc7 35. c4 Bc6 36. Rg4 Rh2 37. Kc3 Rh5 38. Kd4 Rh2 39. Kc3 Rh5 40. Kd4 Rh1 41.
Rg8 bxc4 42. Bxc4 a5 43. b4 Rd1+ 44. Kc5 axb4 45. axb4 Bd5 46. Ba6 Bb7 47. Bc4
Bd5 48. Ba6 Rc1+ 49. Kd4 Rb1 50. Kc5 Rc1+ 51. Kd4 Rb1 1/2-1/2

[Event "54th Groningen Open 2016"]
[Site "Groningen NED"]
[Date "2016.12.21"]
[Round "1.7"]
[White "Chigaev, Maksim"]
[Black "Chu, Wei Chao"]
[Result "1/2-1/2"]
[WhiteTitle "GM"]
[BlackTitle "IM"]
[WhiteElo "2531"]
[BlackElo "2281"]
[WhiteFideId "4108116"]
[BlackFideId "8605661"]
[EventDate "2016.12.21"]

1. e4 c5 2. Nf3 d6 3. d4 cxd4 4. Nxd4 Nf6 5. Nc3 a6 6. h3 e5 7. Nde2 h5 8. g3
Be6 9. Bg2 Nbd7 10. O-O Rc8 11. a4 Qc7 12. a5 Be7 13. Be3 O-O 14. b3 Nb8 15. Qd2
Rfe8 16. Rfc1 Nbd7 17. Na4 Nc5 18. Nec3 Nfd7 19. Nd5 Bxd5 20. exd5 Bf6 21. Nxc5
Nxc5 22. b4 Nd7 23. c4 e4 24. Rab1 Ne5 25. Bxe4 Nxc4 26. Qd3 Qe7 27. Rxc4 Rxc4
28. Bh7+ Kh8 29. Qxc4 Kxh7 30. b5 axb5 31. Qxb5 h4 32. Qxb7 Qe4 33. g4 Be5 34.
Qb5 Ra8 35. Rb3 g6 36. a6 Qf3 37. Bg5 Qd1+ 38. Kg2 Rxa6 39. Rf3 Ra7 40. Bxh4 Kg7
41. Bg3 Bxg3 42. Kxg3 Qg1+ 43. Kh4 Kh6 44. Rf6 Qc1 45. Qe8 Qg5+ 46. Kg3 Kg7 47.
Rf3 Qxd5 48. Qe3 Ra8 49. h4 Ra4 50. Qc3+ Qe5+ 1/2-1/2

[Event "54th Groningen Open 2016"]
[Site "Groningen NED"]
[Date "2016.12.21"]
[Round "1.8"]
[White "Gerlagh, Joris"]
[Black "Gleizerov, Evgeny"]
[Result "0-1"]
[BlackTitle "GM"]
[WhiteElo "2269"]
[BlackElo "2518"]
[WhiteFideId "1038834"]
[BlackFideId "4101332"]
[EventDate "2016.12.21"]

1. e4 e6 2. Nf3 d5 3. e5 Bd7 4. g3 c5 5. Bg2 Nc6 6. O-O Nge7 7. Re1 Qc7 8. d3
Ng6 9. Qe2 f6 10. exf6 gxf6 11. c4 d4 12. Nbd2 e5 13. a3 a5 14. Ne4 Be7 15. Bh6
Rg8 16. b4 axb4 17. axb4 Rxa1 18. Rxa1 Nxb4 19. Bg5 Kf7 20. Bd2 Kg7 21. h4 Bg4
22. Bxb4 cxb4 23. Qb2 Kh8 24. Nh2 Be6 25. Nf3 Nf8 26. Ra7 Qb6 27. Ra4 Bd7 28. c5
Bxc5 29. Nxc5 Qxc5 30. Rxb4 b5 31. Nd2 Ne6 32. Bh3 Qe7 33. Bxe6 Qxe6 34. Ne4 Bc6
35. Qe2 Rg7 36. Kf1 f5 37. Ng5 Qd5 38. Qh5 e4 39. dxe4 fxe4 40. Qg4 d3 41. Qf4
d2 42. Qf8+ Qg8 43. Qxg8+ Kxg8 44. Rd4 Rd7 45. Rxd7 Bxd7 46. Ke2 Bf5 47. g4
Bxg4+ 48. Kxd2 Bf5 49. f3 exf3 50. Nxf3 Kg7 51. Ke3 Kf6 52. Nd4 b4 53. Kf4 Bg6
54. Nb3 Ke6 55. Kg5 Kd5 56. Kh6 Kc4 57. Na5+ Kc3 58. h5 Be4 0-1

[Event "54th Groningen Open 2016"]
[Site "Groningen NED"]
[Date "2016.12.21"]
[Round "1.9"]
[White "Ulybin, Mikhail"]
[Black "Ypma, Peter"]
[Result "1-0"]
[WhiteTitle "GM"]
[WhiteElo "2483"]
[BlackElo "2260"]
[WhiteFideId "4101405"]
[BlackFideId "1027255"]
[EventDate "2016.12.21"]

1. d4 g6 2. e4 Bg7 3. Nc3 c5 4. d5 d6 5. Bb5+ Bd7 6. a4 Nf6 7. Nf3 O-O 8. h3 e6
9. O-O Bxb5 10. axb5 exd5 11. Nxd5 Nxe4 12. Re1 f5 13. Ng5 Bd4 14. Nxe4 fxe4 15.
Rxe4 Nd7 16. Bf4 Nf6 17. Rxd4 cxd4 18. Bg5 h6 19. Bxf6 Rxf6 20. Nxf6+ Qxf6 21.
Ra4 Rc8 22. Rxd4 Rxc2 23. Qxc2 Qxd4 24. Qxg6+ Kf8 25. Qxh6+ Kf7 26. Qh7+ Ke6 27.
Qg8+ Ke7 28. Qh7+ Ke6 29. Qxb7 d5 30. Qc6+ Ke7 31. Qc3 Qd1+ 32. Kh2 d4 33. Qc5+
Ke6 34. Qxa7 Qd2 35. Qb6+ Kf5 36. Qc5+ Ke4 37. Qc6+ Kd3 38. b6 Qf4+ 39. Kg1 Ke2
40. Qc2+ Ke1 41. Qb1+ Ke2 42. Qf1+ Kd2 43. Qb5 Kc2 44. Qc4+ Kb1 45. b7 Qe5 46.
Qb4 Qb8 47. Qb3 1-0

[Event "54th Groningen Open 2016"]
[Site "Groningen NED"]
[Date "2016.12.21"]
[Round "1.10"]
[White "Nandhidhaa, PV"]
[Black "Karthikeyan, P."]
[Result "1-0"]
[WhiteTitle "WIM"]
[BlackTitle "IM"]
[WhiteElo "2251"]
[BlackElo "2474"]
[WhiteFideId "5050847"]
[BlackFideId "5018226"]
[EventDate "2016.12.21"]

1. e4 e5 2. Nf3 Nc6 3. Bb5 a6 4. Ba4 Nge7 5. c3 g6 6. d4 exd4 7. cxd4 b5 8. Bc2
Bg7 9. d5 Na5 10. O-O O-O 11. Nc3 d6 12. Re1 Bg4 13. h3 Bxf3 14. Qxf3 c5 15. Bg5
Nc4 16. Rab1 h6 17. Bf4 Qd7 18. Qg3 Rad8 19. Bb3 Nb6 20. Rbd1 Kh7 21. e5 dxe5
22. Bxe5 Nf5 23. Qf4 Bxe5 24. Rxe5 Nd6 25. Bc2 Kg7 26. Ne4 Nxe4 27. Qxe4 Qd6 28.
Re6 Qc7 29. d6 Qd7 30. Qe5+ Kg8 31. Re7 Rde8 32. Qf6 Qd8 33. Bxg6 Rxe7 34. dxe7
Qxd1+ 35. Kh2 Qd5 36. Qh8+ 1-0

[Event "54th Groningen Open 2016"]
[Site "Groningen NED"]
[Date "2016.12.21"]
[Round "1.11"]
[White "Swayams, Mishra"]
[Black "Dijkstra, Arjan"]
[Result "0-1"]
[WhiteTitle "IM"]
[WhiteElo "2473"]
[BlackElo "2129"]
[WhiteFideId "5028183"]
[BlackFideId "1021389"]
[EventDate "2016.12.21"]

1. d4 Nf6 2. c4 c5 3. d5 e6 4. Nc3 exd5 5. cxd5 d6 6. Nf3 g6 7. Bf4 Bg7 8. Qa4+
Bd7 9. Qb3 Qc7 10. e3 Nh5 11. Bxd6 Qxd6 12. Qxb7 Qb6 13. Qxb6 axb6 14. Nd2 Na6
15. Nc4 Rb8 16. O-O-O O-O 17. Be2 b5 18. Na5 c4 19. Nc6 Bxc6 20. dxc6 Rfc8 21.
g4 Nf6 22. g5 Ne8 23. Nd5 Kf8 24. Bf3 Nc5 25. Nb4 Na4 26. b3 Nc5 27. Kc2 Ra8 28.
Rd5 Nd3 29. Nxd3 Rxa2+ 30. Kb1 cxd3 31. Rxd3 Rb2+ 32. Kc1 Ra8 0-1

[Event "54th Groningen Open 2016"]
[Site "Groningen NED"]
[Date "2016.12.21"]
[Round "1.12"]
[White "Deepan, Chakkravarthy J."]
[Black "Aradhya, Garg"]
[Result "1/2-1/2"]
[WhiteTitle "GM"]
[WhiteElo "2471"]
[BlackElo "2231"]
[WhiteFideId "5011132"]
[BlackFideId "25006746"]
[EventDate "2016.12.21"]

1. e4 e5 2. Nf3 Nc6 3. Bb5 a6 4. Ba4 Nf6 5. Bxc6 dxc6 6. d3 Nd7 7. O-O Be7 8.
Nc3 O-O 9. Ne1 f6 10. g3 Nc5 11. Ng2 Ne6 12. f4 exf4 13. gxf4 Nd4 14. Be3 f5 15.
Rf2 Be6 16. Nb1 c5 17. Nd2 Qd7 18. Nf1 Rad8 19. Ng3 Qc6 20. Rd2 g6 21. c3 Nb5
22. e5 Rd7 23. a4 Na7 24. c4 Rfd8 25. a5 b5 26. axb6 Qxb6 27. h4 Nc6 28. h5 Nd4
29. Ra3 Qc6 30. Kf2 Qb7 31. Bxd4 Rxd4 32. hxg6 hxg6 33. Ne2 R4d7 34. Qa4 Kf7 35.
Rb3 Qa8 36. Ng1 Rh8 37. Nf3 Rdd8 38. Ra3 Bc8 39. Kg3 Rh3+ 40. Kxh3 Qxf3+ 41. Kh2
Bb7 42. d4 Rh8+ 43. Kg1 Qh5 44. d5 Qh2+ 45. Kf1 Qh1+ 46. Kf2 Bh4+ 47. Nxh4 Rxh4
48. Qd7+ Kf8 49. Qd8+ Kg7 50. Qe7+ Kg8 51. Qe8+ Kg7 52. Qe7+ 1/2-1/2

[Event "54th Groningen Open 2016"]
[Site "Groningen NED"]
[Date "2016.12.21"]
[Round "1.13"]
[White "Heemskerk, Wim"]
[Black "Ten Hertog, Hugo"]
[Result "0-1"]
[WhiteTitle "FM"]
[BlackTitle "IM"]
[WhiteElo "2217"]
[BlackElo "2453"]
[WhiteFideId "1001000"]
[BlackFideId "1026356"]
[EventDate "2016.12.21"]

1. c4 g6 2. Nc3 Bg7 3. g3 Nf6 4. Bg2 d6 5. e4 c6 6. Nge2 a6 7. O-O e5 8. d3 b5
9. cxb5 axb5 10. b4 O-O 11. a4 Be6 12. Bd2 bxa4 13. Rxa4 Nbd7 14. Qa1 Rxa4 15.
Qxa4 Qb6 16. Ra1 Rb8 17. Be3 c5 18. bxc5 Nxc5 19. Qa3 Qd8 20. Bxc5 dxc5 21. Qxc5
Qxd3 22. Rd1 Qc2 23. Qc7 Re8 24. h3 h5 25. Rd8 Rxd8 26. Qxd8+ Kh7 27. Qd1 Bb3
28. Qd6 Be6 29. Qd1 Bb3 30. Qd6 Bc4 31. Bf3 Bxe2 32. Nxe2 Nxe4 33. Qe7 Qb1+ 34.
Kh2 Nxf2 35. Kg2 e4 36. Kxf2 exf3 37. Nf4 Bd4+ 38. Kxf3 Qf1+ 0-1

[Event "54th Groningen Open 2016"]
[Site "Groningen NED"]
[Date "2016.12.21"]
[Round "1.14"]
[White "Rakotomaharo, Fy Antenaina"]
[Black "Van Meegen, Ruud"]
[Result "1/2-1/2"]
[WhiteTitle "FM"]
[WhiteElo "2446"]
[BlackElo "2183"]
[WhiteFideId "13100050"]
[BlackFideId "1034995"]
[EventDate "2016.12.21"]

1. d4 Nf6 2. c4 c5 3. d5 b5 4. Qc2 bxc4 5. Nc3 d6 6. e4 Ba6 7. f4 g6 8. Nf3 Bg7
9. Bxc4 Bxc4 10. Qa4+ Nfd7 11. Qxc4 O-O 12. O-O Qa5 13. Bd2 Qa6 14. Qb5 Nb6 15.
Rad1 Qxb5 16. Nxb5 a6 17. Nc3 Nc4 18. Bc1 Bxc3 19. bxc3 Nd7 20. Rfe1 f6 21. Bd2
Rab8 22. Rb1 Rb5 23. Rb3 Rfb8 24. Reb1 Na3 25. Rxb5 Rxb5 26. Rb3 Nc4 27. Kf1
Ndb6 28. Bc1 Ra5 29. a3 Rb5 30. Rxb5 axb5 31. Ke2 f5 32. Kd3 fxe4+ 33. Kxe4 Na4
34. Kd3 Ncb6 35. Ng5 Nxd5 36. c4 Nc7 37. cxb5 Nb6 38. Bd2 Nxb5 39. Ba5 c4+ 40.
Ke4 Na4 41. Bb4 h6 42. Nf3 e6 43. g4 Kf7 44. Ke3 Nb6 45. Ke4 Nd5 46. a4 Ndc3+
47. Bxc3 Nxc3+ 48. Kd4 Nxa4 49. Kxc4 Nb6+ 50. Kd4 Nd7 51. h3 Nf6 52. Ke3 h5 53.
Ng5+ Ke7 54. Kf3 e5 55. fxe5 dxe5 56. gxh5 gxh5 57. Ke3 Kd6 58. Nf3 Ke6 59. Nh4
Nd5+ 60. Ke4 Nf4 61. Nf3 Ng6 62. Nd2 Nf4 63. Nf3 Nxh3 64. Nxe5 Ng5+ 65. Kf4 Nh3+
66. Ke4 Nf2+ 67. Kf4 h4 68. Nf3 h3 69. Kg3 Ne4+ 70. Kh2 Kf5 71. Ng1 Ng5 72. Nxh3
Nxh3 73. Kxh3 1/2-1/2

[Event "54th Groningen Open 2016"]
[Site "Groningen NED"]
[Date "2016.12.21"]
[Round "1.15"]
[White "Simonsen, Hans Kristian"]
[Black "Liu, Guanchu"]
[Result "0-1"]
[WhiteTitle "FM"]
[BlackTitle "IM"]
[WhiteElo "2172"]
[BlackElo "2418"]
[WhiteFideId "7200439"]
[BlackFideId "8603901"]
[EventDate "2016.12.21"]

1. c4 f5 2. Nc3 Nf6 3. g3 g6 4. Bg2 Bg7 5. d3 O-O 6. e3 c6 7. Nge2 d6 8. O-O Na6
9. Rb1 Nc7 10. b4 e5 11. b5 c5 12. b6 Ne6 13. bxa7 Rxa7 14. Bd2 g5 15. Na4 Bd7
16. Nec3 Bc6 17. Bd5 Qe8 18. Nb6 Kh8 19. Nb5 Bxb5 20. Rxb5 Nc7 21. Ra5 Rxa5 22.
Bxa5 Ncxd5 23. Nxd5 Nxd5 24. cxd5 e4 25. Qb3 f4 26. exf4 e3 27. Bc3 gxf4 28.
Bxg7+ Kxg7 29. Qxb7+ Kg6 30. Qb2 e2 31. Re1 f3 32. d4 Qc8 33. Qc2+ Qf5 0-1

[Event "54th Groningen Open 2016"]
[Site "Groningen NED"]
[Date "2016.12.21"]
[Round "1.16"]
[White "Lai, Hing Ting"]
[Black "Bekedam, Tyro"]
[Result "1-0"]
[WhiteTitle "FM"]
[WhiteElo "2409"]
[BlackElo "2154"]
[WhiteFideId "1038257"]
[BlackFideId "1043374"]
[EventDate "2016.12.21"]

1. d4 d5 2. Nc3 Nf6 3. Bf4 Bf5 4. f3 e6 5. g4 Bg6 6. h4 h5 7. g5 Nfd7 8. e3 a6
9. Bd3 Bxd3 10. Qxd3 g6 11. e4 c6 12. O-O-O Be7 13. Be3 Nb6 14. Kb1 Nc4 15. Bc1
b5 16. Nge2 a5 17. exd5 exd5 18. Nf4 Qd6 19. Rde1 Ra7 20. Re2 Na6 21. Nfxd5 cxd5
22. Nxb5 Qb6 23. Nxa7 Qxa7 24. Rhe1 Nb4 25. Rxe7+ Qxe7 26. Qd1 Qxe1 27. Qxe1+
Kd7 28. a3 Nc6 29. b3 Nd6 30. Qc3 Rc8 31. Qc5 Ke6 32. Bf4 Nf5 33. c4 Nce7 34.
cxd5+ Kd7 35. Qb5+ Kd8 36. d6 Nc6 37. Qb7 Nfxd4 38. Be5 Rb8 39. Bf6+ Ke8 40. d7+
Kf8 41. Qxb8+ Nxb8 42. d8=Q# 1-0

[Event "54th Groningen Open 2016"]
[Site "Groningen NED"]
[Date "2016.12.21"]
[Round "1.17"]
[White "Dehn, Marcus"]
[Black "Kuipers, Stefan"]
[Result "1-0"]
[BlackTitle "IM"]
[WhiteElo "2132"]
[BlackElo "2408"]
[WhiteFideId "4667093"]
[BlackFideId "1018400"]
[EventDate "2016.12.21"]

1. d4 d6 2. Nd2 e5 3. c3 Nf6 4. g3 e4 5. Nc4 d5 6. Ne5 Ng8 7. f3 f6 8. Ng4 Bxg4
9. fxg4 Qd7 10. g5 f5 11. Bf4 Nc6 12. e3 Nge7 13. h4 Ng6 14. h5 Nxf4 15. gxf4 a6
16. b4 Be7 17. Ne2 Na7 18. Qb3 Nc8 19. Ng3 c6 20. c4 O-O 21. c5 Kh8 22. a4 b6
23. a5 bxc5 24. bxc5 Na7 25. Bxa6 Rab8 26. Qc2 Rb4 27. O-O Rfb8 28. Rfb1 Bd8 29.
Rxb4 Rxb4 30. Rb1 Rxb1+ 31. Qxb1 Bxa5 32. Qb8+ Bd8 33. Bb7 1-0

[Event "54th Groningen Open 2016"]
[Site "Groningen NED"]
[Date "2016.12.21"]
[Round "1.18"]
[White "Van Foreest, Lucas"]
[Black "Sparenberg, Erik"]
[Result "1-0"]
[WhiteElo "2395"]
[BlackElo "2119"]
[WhiteFideId "1039792"]
[BlackFideId "1013262"]
[EventDate "2016.12.21"]

1. e4 e5 2. Nf3 Nc6 3. Bc4 Nf6 4. Ng5 Bc5 5. Bxf7+ Ke7 6. Bb3 Rf8 7. d3 d6 8.
Be3 Bxe3 9. fxe3 Ng4 10. Nf3 Qe8 11. Nc3 Qh5 12. Qe2 Qh6 13. Nd5+ Kd8 14. O-O-O
Nd4 15. Nxd4 Rf2 16. Qe1 exd4 17. h3 Nxe3 18. Qxf2 Nxd1+ 19. Kxd1 Bg4+ 20. hxg4
Qxh1+ 21. Ke2 Rc8 22. Qf8+ Kd7 23. Ba4+ 1-0

[Event "54th Groningen Open 2016"]
[Site "Groningen NED"]
[Date "2016.12.21"]
[Round "1.19"]
[White "Vandelacluze, Ian"]
[Black "Zwirs, Nico"]
[Result "0-1"]
[WhiteElo "2111"]
[BlackElo "2388"]
[WhiteFideId "222755"]
[BlackFideId "1036432"]
[EventDate "2016.12.21"]

1. e4 c5 2. c3 d5 3. exd5 Qxd5 4. d4 g6 5. Nf3 Bg7 6. Na3 cxd4 7. Bc4 Qe4+ 8.
Be3 Nh6 9. Nb5 O-O 10. cxd4 Nc6 11. h3 Nf5 12. Qe2 Nh4 13. Nxh4 Qxh4 14. Rd1 Bf5
15. O-O a6 16. Nc7 Rad8 17. d5 Nd4 18. Qd2 Nf3+ 19. gxf3 Qxc4 20. Rc1 Qh4 21.
Bg5 Qxh3 22. Bxe7 Be5 23. f4 Qg4+ 24. Kh1 Qf3+ 0-1

[Event "54th Groningen Open 2016"]
[Site "Groningen NED"]
[Date "2016.12.21"]
[Round "1.20"]
[White "Anwesh, Upadhyaya"]
[Black "Chu, Ruotong"]
[Result "1-0"]
[WhiteTitle "IM"]
[WhiteElo "2386"]
[BlackElo "2106"]
[WhiteFideId "5028949"]
[BlackFideId "8605653"]
[EventDate "2016.12.21"]

1. c4 g6 2. g3 c6 3. Nf3 Nf6 4. b3 Bg7 5. Bb2 O-O 6. Bg2 d5 7. O-O a5 8. Nc3 Re8
9. d4 Bf5 10. Ne5 h5 11. e3 Ne4 12. cxd5 Nxc3 13. Bxc3 cxd5 14. Qe2 Nd7 15. Rfd1
Nxe5 16. dxe5 Bg4 17. f3 Be6 18. Rac1 Qb8 19. Qb2 b5 20. f4 b4 21. Bd4 Qb7 22.
Bc5 f6 23. Bd4 f5 24. Rc5 Rec8 25. Rdc1 Kf7 26. R1c2 Ke8 27. Qc1 Rxc5 28. Rxc5
Kd8 29. Rc6 Kd7 30. Rc5 Kd8 31. Rc6 Kd7 32. Rb6 Qc8 33. Qf1 Kd8 34. Qb5 Qc1+ 35.
Bf1 Bf7 36. Rc6 Qd1 37. Bb6+ 1-0

[Event "54th Groningen Open 2016"]
[Site "Groningen NED"]
[Date "2016.12.21"]
[Round "1.21"]
[White "Markus, John Raymond"]
[Black "Soumya, Swaminathan"]
[Result "1/2-1/2"]
[BlackTitle "WGM"]
[WhiteElo "2098"]
[BlackElo "2384"]
[WhiteFideId "1001213"]
[BlackFideId "5016193"]
[EventDate "2016.12.21"]

1. d4 Nf6 2. c4 g6 3. Nc3 d5 4. Bg5 dxc4 5. e3 Bg7 6. Bxc4 O-O 7. Nf3 c5 8. dxc5
Qa5 9. O-O Qxc5 10. Qd4 Nbd7 11. Bxf6 Bxf6 12. Qxc5 Nxc5 13. Nd5 Bxb2 14. Nxe7+
Kg7 15. Rab1 Bf6 16. Nxc8 Raxc8 17. Bd5 b6 18. Rb4 Rfd8 19. e4 Nd3 20. Ra4 a5
21. Rc4 b5 22. Rxc8 Rxc8 23. g4 Nb4 24. g5 Be7 25. Rd1 Rd8 26. Rd2 Kf8 27. h4
Bd6 28. a3 Nxd5 29. Rxd5 b4 30. axb4 axb4 31. Nd4 Bc7 32. Rxd8+ Bxd8 33. Kf1 Bb6
34. Nb3 Ke7 35. Ke2 Kd6 36. f4 Kc6 37. f5 gxf5 38. exf5 Kd5 39. h5 Ke5 40. g6
fxg6 41. fxg6 hxg6 42. hxg6 Kf6 43. Kd3 Kxg6 44. Kc4 1/2-1/2